[Event "POL-chT 2nd League"]
[Site "Jastrzebia Gora"]
[Date "2015.09.06"]
[Round "2.1"]
[White "Kantans, Toms"]
[Black "Krogulski, Grzegorz"]
[Result "1-0"]
[WhiteElo "2502"]
[BlackElo "2304"]
[PlyCount "111"]
[EventDate "2015.09.05"]
[EventType "team-swiss"]
[EventRounds "9"]
[EventCountry "POL"]
[SourceTitle "EXT 2017"]
[Source "ChessBase"]
[SourceDate "2016.10.25"]
[SourceVersion "1"]
[SourceVersionDate "2016.10.25"]
[SourceQuality "1"]
[WhiteTeam "Kopernik WKS"]
[BlackTeam "Pilzno GKSz Hetman"]
[WhiteTeamCountry "POL"]
[BlackTeamCountry "POL"]

1. e4 c5 2. Nf3 Nc6 3. d4 cxd4 4. Nxd4 d5 5. exd5 Qxd5 6. Be3 Nxd4 7. Nc3 Qa5 8. Qxd4 e5 9. Qd5 Qxd5 10. Nxd5 Bd6 11. 0-0-0 Bd7 12. Bc4 Rc8 13. Bb3 Bb8 14. Rhe1 Ne7 15. Nxe7 Kxe7 16. Bd4 f6 17. f4 Be6 18. fxe5 f5 19. Re3 Rhd8 20. Rh3 h6 21. Rhd3 Bxb3 22. Rxb3 b6 23. h4 g6 24. a4 Rd5 25. Rg3 Rc6 26. Bc3 Rxd1+ 27. Kxd1 Kf7 28. Rd3 Ke7 29. b3 g5 30. hxg5 hxg5 31. Rh3 g4 32. Rh7+ Ke6 33. Kd2 Bxe5 34. Bxe5 Kxe5 35. Rxa7 Kf4 36. a5 Kg3 37. Ra6 Rd6+ 38. Kc3 Kxg2 39. axb6 Rd8 40. b7 Rb8 41. Rf6 Rxb7 42. Rxf5 g3 43. b4 Kh2 44. b5 g2 45. Rh5+ Kg3 46. Rg5+ Kf2 47. Kb4 g1Q 48. Rxg1 Kxg1 49. c4 Kf2 50. c5 Ke3 51. c6 Rc7 52. Kc5 Rh7 53. b6 Rh5+ 54. Kc4 Rh4+ 55. Kb5 Rh5+ 56. Ka6 1-0

[Event "POL-chT 2nd League"]
[Site "Szczyrk"]
[Date "2014.09.11"]
[Round "6.7"]
[White "Hnydiuk, Aleksander"]
[Black "Krogulski, Grzegorz"]
[Result "1-0"]
[WhiteElo "2375"]
[BlackElo "2322"]
[PlyCount "51"]
[EventDate "2014.09.06"]
[EventType "team-swiss"]
[EventRounds "9"]
[EventCountry "POL"]
[SourceTitle "EXT 2015"]
[Source "ChessBase"]
[SourceDate "2014.11.20"]
[SourceVersion "1"]
[SourceVersionDate "2014.11.20"]
[SourceQuality "1"]
[WhiteTeam "Czerwionka Leszczyny Skoczek"]
[BlackTeam "Pilzno GKSz Hetman"]
[WhiteTeamCountry "POL"]
[BlackTeamCountry "POL"]

1. Nf3 Nf6 2. c4 e6 3. g3 b6 4. Bg2 Bb7 5. 0-0 Be7 6. Nc3 0-0 7. Re1 c5 8. e4 d6 9. d4 cxd4 10. Nxd4 Qc8 11. Be3 a6 12. Rc1 Nbd7 13. f4 Ra7 14. f5 Nc5 15. fxe6 fxe6 16. Bh3 Kh8 17. Nd5 Bd8 18. b4 Ncxe4 19. Nxe6 Re8 20. Nxg7 Qxh3 21. Nxe8 Ng4 22. Rc2 Bxd5 23. Qxd5 Re7 24. Bd4+ Nef6 25. Rxe7 Bxe7 26. Qf7 1-0

[Event "POL-chT 2nd League"]
[Site "Szczyrk"]
[Date "2014.09.09"]
[Round "4.1"]
[White "Krogulski, Grzegorz"]
[Black "Koziak, Vitali"]
[Result "1/2-1/2"]
[WhiteElo "2322"]
[BlackElo "2472"]
[PlyCount "72"]
[EventDate "2014.09.06"]
[EventType "team-swiss"]
[EventRounds "9"]
[EventCountry "POL"]
[SourceTitle "EXT 2015"]
[Source "ChessBase"]
[SourceDate "2014.11.20"]
[SourceVersion "1"]
[SourceVersionDate "2014.11.20"]
[SourceQuality "1"]
[WhiteTeam "Pilzno GKSz Hetman"]
[BlackTeam "Pegow Wieza"]
[WhiteTeamCountry "POL"]
[BlackTeamCountry "POL"]

1. e4 e5 2. Nc3 Nf6 3. Nf3 Nc6 4. d4 Bb4 5. d5 Nb8 6. Bd3 Bxc3+ 7. bxc3 d6 8. 0-0 0-0 9. Ne1 c6 10. c4 cxd5 11. cxd5 Nbd7 12. Be3 Qc7 13. f4 exf4 14. Rxf4 Ne5 15. Bd4 Nfd7 16. Rf2 Nc5 17. h3 Bd7 18. Nf3 f6 19. Qd2 Rae8 20. Nxe5 fxe5 21. Be3 Rxf2 22. Bxf2 b6 23. Re1 Rf8 24. Qb4 Na4 25. Be3 a5 26. Qb3 b5 27. Bxb5 Nc5 28. Qc4 Bxb5 29. Qxb5 Nxe4 30. Qd3 Nc3 31. a3 Rc8 32. Qf5 Re8 33. Qd3 Rc8 34. Qf5 Re8 35. Qd3 Rc8 36. Qf5 Re8 1/2-1/2

[Event "POL-chT2"]
[Site "Poronin"]
[Date "2013.09.11"]
[Round "5.25"]
[White "Butkiewicz, Lukasz"]
[Black "Krogulski, Grzegorz"]
[Result "1-0"]
[WhiteElo "2435"]
[BlackElo "2350"]
[PlyCount "69"]
[EventDate "2013.09.06"]
[EventType "team-swiss"]
[EventRounds "9"]
[EventCountry "POL"]
[SourceTitle "EXT 2015"]
[Source "ChessBase"]
[SourceDate "2014.11.20"]
[SourceVersion "1"]
[SourceVersionDate "2014.11.20"]
[SourceQuality "1"]
[WhiteTeam "Wisznia Mala OKSiR"]
[BlackTeam "Pilzno GKSz Hetman"]
[WhiteTeamCountry "POL"]
[BlackTeamCountry "POL"]

1. e4 c5 2. Nf3 Nc6 3. d4 cxd4 4. Nxd4 d5 5. exd5 Qxd5 6. Be3 e6 7. Nc3 Bb4 8. Qg4 Nge7 9. Nxc6 Bxc3+ 10. bxc3 Qxc6 11. Qxg7 Rg8 12. Qe5 Bd7 13. Bd3 f5 14. Be2 Qxg2 15. 0-0-0 Ng6 16. Bh5 Qc6 17. Qf6 e5 18. Qxe5+ Qe6 19. Qd4 0-0-0 20. Qxa7 Qa6 21. Qxa6 bxa6 22. Be2 Bb5 23. Bd3 Rgf8 24. Rhe1 Kb7 25. Bc5 Rf7 26. Be4+ Kc8 27. Bd5 Rf6 28. Be6+ Bd7 29. Bb6 Rxe6 30. Rxe6 Rf8 31. Red6 Rf7 32. R1d5 Nf8 33. Rc5+ Kb7 34. Rc7+ Kb8 35. c4 1-0

[Event "POL-chT2"]
[Site "Poronin"]
[Date "2013.09.09"]
[Round "3"]
[White "Banasik, Krzysztof"]
[Black "Krogulski, Grzegorz"]
[Result "1/2-1/2"]
[WhiteElo "2246"]
[BlackElo "2350"]
[PlyCount "154"]
[EventDate "2013.09.06"]
[EventType "team-swiss"]
[EventRounds "9"]
[EventCountry "POL"]
[SourceTitle "EXT 2015"]
[Source "ChessBase"]
[SourceDate "2014.11.20"]
[SourceVersion "1"]
[SourceVersionDate "2014.11.20"]
[SourceQuality "1"]
[WhiteTeam "Prudnik LKS Zarzewie"]
[BlackTeam "Pilzno GKSz Hetman"]
[WhiteTeamCountry "POL"]
[BlackTeamCountry "POL"]

1. e4 d5 2. exd5 Nf6 3. Nf3 Nxd5 4. d4 g6 5. Be2 Bg7 6. 0-0 0-0 7. c4 Nb6 8. c5 Nd5 9. Nc3 Nc6 10. Qb3 Nxc3 11. bxc3 b6 12. Ba3 Be6 13. Qc2 Bf5 14. Qa4 Bd7 15. Qd1 Re8 16. Re1 e5 17. d5 Ne7 18. Bc4 Nf5 19. Bb3 e4 20. Nd4 Nxd4 21. cxd4 Qf6 22. Rc1 Qxd4 23. Qxd4 Bxd4 24. Rc4 bxc5 25. Bxc5 Bf6 26. Rcxe4 a5 27. Rxe8+ Rxe8 28. Rxe8+ Bxe8 29. Bc4 Be5 30. g3 Bd6 31. Bd4 f5 32. f4 Kf8 33. Kf2 Ke7 34. Ke2 Bb4 35. Be5 c6 36. Kd3 cxd5 37. Bxd5 Bb5+ 38. Bc4 Bc6 39. Bc3 Bc5 40. Bxa5 Bg1 41. Bb4+ Ke8 42. Ke2 Bxh2 43. Kf2 h6 44. Bd2 Ke7 45. a3 Kf6 46. Bc3+ Ke7 47. Bg7 g5 48. Bxh6 gxf4 49. Bxf4 Kd7 50. Bd3 Be4 51. Bb5+ Kc8 52. Bd6 Kb7 53. Bd7 Ka8 54. Ke3 Kb7 55. Kd4 Bg1+ 56. Ke5 Bh2 57. Kf4 Ka6 58. Bc5 Ka5 59. Bf2 Ka6 60. Ke3 Bc2 61. Bc6 Kb6 62. Be8 Ka6 63. Bd7 Kb7 64. a4 Ka6 65. Be1 Bg1+ 66. Kf4 Bb6 67. Bb5+ Kb7 68. a5 Bc7+ 69. Ke3 Bd6 70. Kd4 Kc7 71. Kc3 Be4 72. Bf2 Be5+ 73. Kc4 Kb7 74. a6+ Ka8 75. Kc5 Bb8 76. Bc6+ Bxc6 77. Kxc6 Be5 1/2-1/2

[Event "POL-chT2"]
[Site "Poronin"]
[Date "2013.09.07"]
[Round "1.55"]
[White "Reza, Wojciech"]
[Black "Krogulski, Grzegorz"]
[Result "1-0"]
[WhiteElo "2135"]
[BlackElo "2350"]
[PlyCount "37"]
[EventDate "2013.09.06"]
[EventType "team-swiss"]
[EventRounds "9"]
[EventCountry "POL"]
[SourceTitle "EXT 2015"]
[Source "ChessBase"]
[SourceDate "2014.11.20"]
[SourceVersion "1"]
[SourceVersionDate "2014.11.20"]
[SourceQuality "1"]
[WhiteTeam "Debica Gryf"]
[BlackTeam "Pilzno GKSz Hetman"]
[WhiteTeamCountry "POL"]
[BlackTeamCountry "POL"]

1. e4 c5 2. Nf3 Nc6 3. d4 cxd4 4. Nxd4 Qb6 5. Nb3 Nf6 6. Nc3 e6 7. Be3 Qc7 8. Bd3 Ne5 9. f4 Nxd3+ 10. cxd3 Bb4 11. 0-0 Bxc3 12. Rc1 d6 13. Rxc3 Qb8 14. Qe1 0-0 15. Qh4 Bd7 16. f5 Rc8 17. fxe6 Bxe6 18. Rxf6 Rxc3 19. bxc3 1-0

[Event "POL-chT 2nd League"]
[Site "Lazy"]
[Date "2012.09.07"]
[Round "7"]
[White "Weichhold, Pawel"]
[Black "Krogulski, Grzegorz"]
[Result "1/2-1/2"]
[WhiteElo "2374"]
[BlackElo "2387"]
[PlyCount "102"]
[EventDate "2012.09.01"]
[EventType "team-swiss"]
[EventRounds "9"]
[EventCountry "POL"]
[SourceTitle "EXT 2019"]
[Source "ChessBase"]
[SourceDate "2018.10.10"]
[SourceVersion "1"]
[SourceVersionDate "2018.10.10"]
[SourceQuality "1"]
[WhiteTeam "Koszalin Hetman Politechnika"]
[BlackTeam "Pilzno GKSz Hetman"]
[WhiteTeamCountry "POL"]
[BlackTeamCountry "POL"]

1. e4 c5 2. Nf3 Nc6 3. d4 cxd4 4. Nxd4 d5 5. Bb5 dxe4 6. 0-0 Bd7 7. Nxc6 Bxc6 8. Bxc6+ bxc6 9. Qe2 e6 10. Nc3 Nf6 11. Qc4 Rc8 12. Nxe4 Nxe4 13. Qxe4 Qd5 14. Qg4 h5 15. Qe2 Bc5 16. c3 0-0 17. b4 Bd6 18. Re1 Qf5 19. a4 Rfd8 20. h3 c5 21. b5 c4 22. Qe4 Qxe4 23. Rxe4 Bc5 24. Be3 Bxe3 25. Rxe3 Rd2 26. Rb1 Ra2 27. Rb4 Ra1+ 28. Kh2 Ra3 29. Kg3 Rc5 30. f4 g5 31. fxg5 Rxg5+ 32. Kh4 Rc5 33. Re4 Rxc3 34. a5 Kg7 35. b6 axb6 36. axb6 Rc8 37. Re5 Rd3 38. b7 Rd4+ 39. g4 Rb8 40. Rg5+ Kf6 41. Rxh5 Rd5 42. Rh6+ Kg7 43. Rh5 Rxh5+ 44. Kxh5 Kf6 45. Kh4 Ke5 46. Rxc4 Rxb7 47. Kg5 f6+ 48. Kg6 f5 49. gxf5 exf5 50. Rc5+ Kf4 51. Rxf5+ Kg3 1/2-1/2

[Event "POL-chT 2nd League"]
[Site "Lazy"]
[Date "2012.09.05"]
[Round "5"]
[White "Jagodzinski, Piotr"]
[Black "Krogulski, Grzegorz"]
[Result "0-1"]
[WhiteElo "2167"]
[BlackElo "2387"]
[PlyCount "58"]
[EventDate "2012.09.01"]
[EventType "team-swiss"]
[EventRounds "9"]
[EventCountry "POL"]
[SourceTitle "EXT 2019"]
[Source "ChessBase"]
[SourceDate "2018.10.10"]
[SourceVersion "1"]
[SourceVersionDate "2018.10.10"]
[SourceQuality "1"]
[WhiteTeam "Wroclaw AZS Politechnika"]
[BlackTeam "Pilzno GKSz Hetman"]
[WhiteTeamCountry "POL"]
[BlackTeamCountry "POL"]

1. e4 d5 2. exd5 Qxd5 3. Nc3 Qa5 4. g3 Nf6 5. Bg2 c6 6. Nf3 Bg4 7. h3 Bh5 8. b4 Qc7 9. Qe2 e6 10. b5 Be7 11. g4 Bg6 12. Ne5 Nfd7 13. bxc6 Nxc6 14. Nxc6 bxc6 15. Ne4 0-0 16. 0-0 Nf6 17. d3 Nd5 18. f4 f5 19. c4 Nb4 20. Nf2 fxg4 21. hxg4 Bc5 22. Be4 Rxf4 23. Bxf4 Qxf4 24. Kh1 Qg3 25. Bxg6 Rf8 26. Qxe6+ Kh8 27. Bf5 Bd6 28. Qxd6 Qxd6 29. Kg1 Qg3+ 0-1

[Event "POL-chT 2nd League"]
[Site "Lazy"]
[Date "2012.09.02"]
[Round "2"]
[White "Krogulski, Grzegorz"]
[Black "Matuszewski, Michal"]
[Result "0-1"]
[WhiteElo "2387"]
[BlackElo "2368"]
[PlyCount "64"]
[EventDate "2012.09.01"]
[EventType "team-swiss"]
[EventRounds "9"]
[EventCountry "POL"]
[SourceTitle "EXT 2019"]
[Source "ChessBase"]
[SourceDate "2018.10.10"]
[SourceVersion "1"]
[SourceVersionDate "2018.10.10"]
[SourceQuality "1"]
[WhiteTeam "Pilzno GKSz Hetman"]
[BlackTeam "Rybnik MKSz"]
[WhiteTeamCountry "POL"]
[BlackTeamCountry "POL"]

1. e4 c5 2. Nf3 d6 3. d4 cxd4 4. Nxd4 Nf6 5. Nc3 a6 6. g3 g6 7. Bg2 Bg7 8. 0-0 0-0 9. Re1 Bg4 10. f3 Bd7 11. a4 Nc6 12. Nde2 Ne5 13. Nf4 Rc8 14. Ra2 h6 15. Ncd5 Nxd5 16. Nxd5 e6 17. Ne3 Qa5 18. b3 Nc6 19. Nc4 Qc5+ 20. Kh1 d5 21. Ba3 Nb4 22. exd5 exd5 23. Qd2 a5 24. c3 dxc4 25. bxc4 Qc7 26. cxb4 Qxc4 27. Re4 Qb3 28. bxa5 Rfe8 29. Be7 Bc3 30. Qc2 Qxc2 31. Rxc2 Bf5 32. Bd6 Bxe4 0-1

[Event "POL-chT 2nd League"]
[Site "Mrzezyno"]
[Date "2011.09.07"]
[Round "5.25"]
[White "Krogulski, Grzegorz"]
[Black "Jasnikowski, Zbigniew"]
[Result "1/2-1/2"]
[WhiteElo "2360"]
[BlackElo "2376"]
[PlyCount "66"]
[EventDate "2011.09.03"]
[EventType "team-swiss"]
[EventRounds "9"]
[EventCountry "POL"]
[SourceTitle "EXT 2015"]
[Source "ChessBase"]
[SourceDate "2014.11.20"]
[SourceVersion "1"]
[SourceVersionDate "2014.11.20"]
[SourceQuality "1"]
[WhiteTeam "Pilzno GKSz Hetman"]
[BlackTeam "Wroclaw Hetman"]
[WhiteTeamCountry "POL"]
[BlackTeamCountry "POL"]

1. e4 c6 2. d4 d5 3. Nc3 dxe4 4. Nxe4 Nd7 5. Ng5 Ngf6 6. Bd3 e6 7. N1f3 Bd6 8. 0-0 h6 9. Ne4 Nxe4 10. Bxe4 Nf6 11. Bd3 c5 12. dxc5 Bxc5 13. Qe2 Qc7 14. Bd2 a6 15. c4 b6 16. Bc3 Bb7 17. Ne5 Rd8 18. Rad1 Nd7 19. Be4 Bxe4 20. Qxe4 0-0 21. Ng4 h5 22. Ne3 Bxe3 23. fxe3 Nc5 24. Qh4 f5 25. Bb4 Rxd1 26. Rxd1 Qc6 27. b3 Rc8 28. Rd8+ Rxd8 29. Qxd8+ Kf7 30. Bxc5 bxc5 31. Qg5 g6 32. Qd8 e5 33. Kf2 e4 1/2-1/2

[Event "POL-chT 2nd League"]
[Site "Mrzezyno"]
[Date "2011.09.05"]
[Round "3.7"]
[White "Krogulski, Grzegorz"]
[Black "Przedmojski, Rafal"]
[Result "1/2-1/2"]
[WhiteElo "2360"]
[BlackElo "2374"]
[PlyCount "55"]
[EventDate "2011.09.03"]
[EventType "team-swiss"]
[EventRounds "9"]
[EventCountry "POL"]
[SourceTitle "EXT 2015"]
[Source "ChessBase"]
[SourceDate "2014.11.20"]
[SourceVersion "1"]
[SourceVersionDate "2014.11.20"]
[SourceQuality "1"]
[WhiteTeam "Pilzno GKSz Hetman"]
[BlackTeam "Warszawa KU AZS UW w"]
[WhiteTeamCountry "POL"]
[BlackTeamCountry "POL"]

1. e4 c5 2. Nf3 g6 3. d4 Bg7 4. dxc5 Qa5+ 5. c3 Qxc5 6. Na3 d6 7. Nb5 a6 8. Be3 Qc6 9. Nfd4 Qd7 10. Na3 Qd8 11. Be2 Nf6 12. f3 0-0 13. Qd2 Re8 14. 0-0 Nbd7 15. Rfd1 b6 16. Rac1 Bb7 17. c4 Qc7 18. Nb1 Rad8 19. Nc3 e6 20. Qe1 Qb8 21. Qf2 Ba8 22. Nc2 Bf8 23. a3 Rc8 24. Bd4 Bh6 25. Be3 Bf8 26. Bd4 Bh6 27. Be3 Bf8 28. Bd4 1/2-1/2

[Event "POL-chT 2nd League"]
[Site "Miedzyzdroje"]
[Date "2009.09.16"]
[Round "5"]
[White "Sakalauskas, Vaidas"]
[Black "Krogulski, Grzegorz"]
[Result "1/2-1/2"]
[WhiteElo "2425"]
[BlackElo "2332"]
[PlyCount "70"]
[EventDate "2009.09.12"]
[EventType "team-swiss"]
[EventRounds "9"]
[EventCountry "POL"]
[SourceTitle "EXT 2019"]
[Source "ChessBase"]
[SourceDate "2018.10.10"]
[SourceVersion "1"]
[SourceVersionDate "2018.10.10"]
[SourceQuality "1"]
[WhiteTeam "Gniezno LKS Chrobry"]
[BlackTeam "Pilzno GKSz Hetman"]
[WhiteTeamCountry "POL"]
[BlackTeamCountry "POL"]

1. d4 Nf6 2. c4 e6 3. Nc3 d5 4. Nf3 Bb4 5. Qa4+ Nc6 6. Ne5 Bd7 7. Nxd7 Qxd7 8. e3 0-0 9. Bd2 a6 10. cxd5 Nxd5 11. Qc2 Be7 12. Be2 Ncb4 13. Qb3 c5 14. Nxd5 Nxd5 15. dxc5 Rac8 16. Rd1 Bxc5 17. Bf3 Qb5 18. Qxb5 axb5 19. a3 Be7 20. Bxd5 exd5 21. Bc3 Rfd8 22. Rd3 b4 23. axb4 Rc4 24. Rd4 Rxd4 25. Bxd4 Bxb4+ 26. Ke2 Rc8 27. Kd3 f6 28. Ra1 Kf7 29. Ra7 Rc7 30. Bb6 Rd7 31. f4 Ke6 32. Ra8 f5 33. h3 Be7 34. Bd4 g6 35. Re8 Rd8 1/2-1/2

[Event "POL-chT 2nd League"]
[Site "Miedzyzdroje"]
[Date "2009.09.14"]
[Round "3"]
[White "Bebel, Arkadiusz"]
[Black "Krogulski, Grzegorz"]
[Result "0-1"]
[WhiteElo "2311"]
[BlackElo "2332"]
[PlyCount "100"]
[EventDate "2009.09.12"]
[EventType "team-swiss"]
[EventRounds "9"]
[EventCountry "POL"]
[SourceTitle "EXT 2019"]
[Source "ChessBase"]
[SourceDate "2018.10.10"]
[SourceVersion "1"]
[SourceVersionDate "2018.10.10"]
[SourceQuality "1"]
[WhiteTeam "Wroclaw KS Polonia"]
[BlackTeam "Pilzno GKSz Hetman"]
[WhiteTeamCountry "POL"]
[BlackTeamCountry "POL"]

1. e4 c5 2. c3 d5 3. exd5 Nf6 4. d4 cxd4 5. Qa4+ Nbd7 6. Qxd4 Nb6 7. Nf3 Qxd5 8. Qxd5 Nbxd5 9. Na3 e6 10. Nc4 Bc5 11. Nce5 Ne4 12. Bb5+ Ke7 13. 0-0 f6 14. Nd3 Bd6 15. Re1 Nc5 16. Nd4 Nxd3 17. Bxd3 Kf7 18. Bc4 Bd7 19. Bxd5 exd5 20. Be3 Rhc8 21. Rad1 Rd8 22. f3 b6 23. Rd2 Rac8 24. Kf2 Rc7 25. g3 Bc5 26. Nb3 Ba4 27. Nc1 d4 28. Bxd4 Rxd4 29. Rxd4 Bxd4+ 30. cxd4 Rc2+ 31. Ke3 Rxb2 32. Re2 Rb1 33. Nd3 Ke7 34. Re1 Rxe1+ 35. Nxe1 Kd6 36. Nd3 a5 37. Nf4 Be8 38. a3 Bf7 39. Kd3 b5 40. Kc3 g5 41. Nd3 Kd5 42. Nc5 b4+ 43. axb4 axb4+ 44. Kxb4 Kxd4 45. Ne4 g4 46. Nxf6 gxf3 47. Ng4 Be6 48. Nf2 Ke3 49. Nh1 f2 50. Nxf2 Kxf2 0-1

[Event "Pilzno Omega Cup 5th"]
[Site "Pilzno"]
[Date "2009.05.02"]
[Round "6.1"]
[White "Krogulski, Grzegorz"]
[Black "Czernicki, Bogdan"]
[Result "1-0"]
[WhiteElo "2317"]
[BlackElo "2032"]
[PlyCount "91"]
[EventDate "2009.04.30"]
[EventType "swiss"]
[EventRounds "7"]
[EventCountry "POL"]
[SourceTitle "EXT 2023"]
[Source "ChessBase"]
[SourceDate "2022.10.05"]
[SourceVersion "1"]
[SourceVersionDate "2022.10.05"]
[SourceQuality "1"]

1. e4 e5 2. Nf3 d6 3. d4 Qe7 4. Nc3 c6 5. dxe5 dxe5 6. Bc4 g6 7. Be3 f6 8. Qd2 Be6 9. Bb3 Na6 10. Rd1 Bxb3 11. axb3 Qe6 12. 0-0 Be7 13. Qe2 Nc7 14. Nd2 g5 15. Qh5+ Kf8 16. h4 h6 17. Ne2 Qf7 18. Qxf7+ Kxf7 19. Nc4 b6 20. Ng3 Ke6 21. Nf5 Nb5 22. Rd3 Rd8 23. Rfd1 Rxd3 24. Rxd3 Rh7 25. Kh2 gxh4 26. Kh3 h5 27. Kxh4 c5 28. c3 Rh8 29. Bc1 Rh7 30. Rg3 Kf7 31. Rd3 Ke6 32. Bd2 Rh8 33. Kh3 Rh7 34. Kh2 Rh8 35. Rh3 Kf7 36. Rd3 Ke6 37. Kh3 Rh7 38. f4 Nc7 39. Rg3 Rh8 40. Rg7 Ne8 41. Rg3 Bd8 42. Ng7+ Nxg7 43. Rxg7 Ne7 44. f5+ Nxf5 45. exf5+ Kxf5 46. Rxa7 1-0

[Event "Pilzno Omega Cup 5th"]
[Site "Pilzno"]
[Date "2009.04.30"]
[Round "1.1"]
[White "Wroblewski, Mieczyslaw"]
[Black "Krogulski, Grzegorz"]
[Result "0-1"]
[WhiteElo "1891"]
[BlackElo "2317"]
[PlyCount "32"]
[EventDate "2009.04.30"]
[EventType "swiss"]
[EventRounds "7"]
[EventCountry "POL"]
[SourceTitle "EXT 2023"]
[Source "ChessBase"]
[SourceDate "2022.10.05"]
[SourceVersion "1"]
[SourceVersionDate "2022.10.05"]
[SourceQuality "1"]

1. e4 d5 2. exd5 Nf6 3. c4 e6 4. dxe6 Bxe6 5. Nf3 Nc6 6. d4 Bb4+ 7. Bd2 Qe7 8. Be2 Bxc4 9. Bxb4 Qxb4+ 10. Qd2 Bxe2 11. Kxe2 0-0-0 12. Rd1 Qb5+ 13. Qd3 Nxd4+ 14. Nxd4 Rhe8+ 15. Kf1 Rxd4 16. Nc3 Qxd3+ 0-1